1629 1616 1036 1018 1049 1345 1341 1736 1178 1697 1248 1854 1917 1239 1603 1554 1026 1452 1899 1106 1160 1993 1417 1936 1061 1354 1753 1019 1469 1070 1610 1304 1794 1700 1227 1640 1257 1889 1360 1270 1457 1733 1831 1879 1011 1372 1574 1258 1432 1059 1763 1047 1332 1695 1761 1114 1589 1427 1600 1721 1255 1232 1769 1196 1447 1861 1956 1230 1844 1981 1891 1822 1942 1899 1555 1152 1712 1639 1875 1682 1091 1532 1450 1334 1688 1899 1409 1057 1970 1893 1575 1335 1429 1768 1810 1626 1992 1948 1921 BCNSPRNW ULIB Ver.6.0+V

เปลี่ยนเป็นภาษาไทย

Change to English
 แสดงรายละเอียดบรรณานุกรม
  กลับหน้าหลัก

Brief Record : Get Marc (ISO 2709) : E-mail record : QR code < ปิดหน้าต่าง
LEADER : 00000nam 2200000uu 4500
001    13399123587
003     ULIB
008    141014s2555||||th 000 0 tha d
020    ^a9786162960079
060  4 ^aWS260^bม153ว
100    ^aมนตรี อุดมเพทายกุล
245    ^aเวชศาสตร์ผิวพรรณในเด็ก=^bCosmetic Dermatology in Pedidatrics./^cมนตรี อุดมเพทายกุล
246 31 Cosmetic Dermatology in Pedidatrics
250    พิมพ์ครั้งที่ 1
260    ^aกรุงเทพฯ :^bบียอนด์เอ็นเทอร์ไพรซ์,^c2555
300    ^a156 หน้า
650    ^aเวชศาสตร์ผิวพรรณ
650  0 ผิว^xเด็ก
650  0 โรค^xผิว^xเด็ก
650  0 เลเซอร์^xเด็ก
945    ^p350^l0^i21390
945    ^p350^l0^i21391
945    ^p350^l0^i21392
999    ^aทศพร เกษรทอง
รายการนี้ยังไม่มีแท็ก
คุณยังไม่ได้ล็อกอิน คุณสามารถมีกิจกรรมร่วมกับเว็บไซต์ได้ แต่ต้องล็อกอินก่อน ::
  ล็อกอิน

รายการสื่อสารสนเทศ

ลำดับที่ ประเภท เลขเรียก/บาร์โค้ด สถานที่ สถานะ
1. วิทยาศาสตร์การแพทย์ และสุขภาพ
หนังสือสำรอง
สถานะ=หนังสือสำรอง
WS260 ม153ว ฉ.1 
  Barcode: 21390
ห้องสมุดวิทยาเขตนครสวรรค์
►ส่วนจัดเก็บหนังสือเก่า นว.
บนชั้น
  ขอยืม
2. วิทยาศาสตร์การแพทย์ และสุขภาพ
วิทยาศาสตร์การแพทย์ และสุขภาพ
WS260 ม153ว ฉ.2 
  Barcode: 21391
ห้องสมุดวิทยาเขตนครสวรรค์
►ส่วนจัดเก็บหนังสือเก่า นว.
บนชั้น
  ขอยืม
3. วิทยาศาสตร์การแพทย์ และสุขภาพ
วิทยาศาสตร์การแพทย์ และสุขภาพ
WS260 ม153ว ฉ.3 
  Barcode: 21392
ห้องสมุดวิทยาเขตนครสวรรค์
►ส่วนจัดเก็บหนังสือเก่า นว.
บนชั้น
  ขอยืม

รายการใกล้เคียง
    ผู้แต่ง [มนตรี อุดมเพทายกุล]

    หัวเรื่อง [เวชศาสตร์ผิวพรรณ]

BibComment


ยังไม่เคยถูกคอมเมนท์

คอมเมนท์ทรัพยากรรายการนี้
  คอมเมนท์: เวชศาสตร์ผิวพรรณ..


 Copyright 2026. Bcnsprnw @Library